Community Health Surveys: (Record no. 1941)

MARC details
000 -LEADER
fixed length control field 00472nam a22001697a 4500
003 - CONTROL NUMBER IDENTIFIER
control field OSt
005 - DATE AND TIME OF LATEST TRANSACTION
control field 20150601144148.0
008 - FIXED-LENGTH DATA ELEMENTS--GENERAL INFORMATION
fixed length control field 150601b xxu||||| |||| 00| 0 eng d
040 ## - CATALOGING SOURCE
Transcribing agency 04
082 ## - DEWEY DECIMAL CLASSIFICATION NUMBER
Classification number WA 546 L978c VOL lII 1998
100 ## - MAIN ENTRY--PERSONAL NAME
Personal name Lutz W.
9 (RLIN) 2121
245 ## - TITLE STATEMENT
Title Community Health Surveys:
Remainder of title A practical Guide for Health Workers /
Statement of responsibility, etc. W. Lutz
260 ## - PUBLICATION, DISTRIBUTION, ETC. (IMPRINT)
Place of publication, distribution, etc. Switzerland:
Name of publisher, distributor, etc. I E A;
Date of publication, distribution, etc. 1983.
300 ## - PHYSICAL DESCRIPTION
Extent 79 p :
Dimensions 24 cm.
650 ## - SUBJECT ADDED ENTRY--TOPICAL TERM
Topical term or geographic name as entry element Community Health
9 (RLIN) 2112
942 ## - ADDED ENTRY ELEMENTS (KOHA)
Source of classification or shelving scheme Other/Generic Classification Scheme
Koha item type Short Loan
Holdings
Withdrawn status Lost status Source of classification or shelving scheme Damaged status Not for loan Home library Current library Date acquired Source of acquisition Inventory number Total Checkouts Full call number Barcode Date last seen Price effective from Koha item type
    Other/Generic Classification Scheme     MUST Main Library MUST Main Library 01/06/2015   3715   WA 546 L978c VOL lII 1998 2015-1681 01/06/2015 01/06/2015 Short Loan